000 00544nam a22001817a 4500
005 20240429121605.0
008 240429b |||||||| |||| 00| 0 eng d
020 _a9781423901235
082 _a005.133
_bTYM-M
100 _aTymanN, Paul T.
245 _aModern software development using java /
_cG.Michael Schneider
260 _aUSA:
_bCengage Learning;
_c2008.
300 _axiv, 966 p. :
_bill;
_c24 cm.
500 _ainclude index.
650 _acomputer science/Java Programming language
700 _aG.Michael Schneider
999 _c35622
_d35622